000 00488nam a2200205Ia 4500
003 OSt
005 20220924142616.0
006 a|||||r|||| 00| 0
007 ta
008 220923b |||||||| |||| 00| 0 mni d
024 _a302640
037 _cTextual
040 _aARTS
_cARTS
_bmni
041 _2mni
_amni
082 _aw2,M9, 446114K7
245 0 _aBharat ki achoubasing
260 _c1967
942 _hw2,M9, 446114K7
_cTEXL
_2CC
999 _c451329
_d451329